Dictionary of agriculture / (Record no. 13214)

000 -LEADER
fixed length control field 00499cam a2200205 a 4500
020 ## - INTERNATIONAL STANDARD BOOK NUMBER
ISBN 0948549785 (pbk.)
020 ## - INTERNATIONAL STANDARD BOOK NUMBER
ISBN 9780948549786 (pbk.)
040 ## - CATALOGING SOURCE
Transcribing agency UKM
082 00 - DEWEY DECIMAL CLASSIFICATION NUMBER
Classification number 630.3
082 00 - DEWEY DECIMAL CLASSIFICATION NUMBER
Classification number 630.3
082 00 - DEWEY DECIMAL CLASSIFICATION NUMBER
Classification number 630 PET 1996 A045 Co.
245 00 - TITLE STATEMENT
Title Dictionary of agriculture /
250 ## - EDITION STATEMENT
Edition statement 2nd ed
260 ## - PUBLICATION, DISTRIBUTION, ETC. (IMPRINT)
Place of publication Teddington :
Name of publisher Peter Collin,
Year of publication 1996
300 ## - PHYSICAL DESCRIPTION
Number of Pages 277 p. :
Other physical details ill. ;
Dimensions 20 cm
500 ## - GENERAL NOTE
General note Previous ed.: 1990
650 #0 - SUBJECT ADDED ENTRY--TOPICAL TERM
Topical Term Agriculture
700 1# - ADDED ENTRY--PERSONAL NAME
Personal name Stephens, Alan,
942 ## - ADDED ENTRY ELEMENTS (KOHA)
Koha item type សៀវភៅភាសាអង់គ្លេស
952 ## - LOCATION AND ITEM INFORMATION (KOHA)
Withdrawn status [LOCAL, KOHA] 0
Holdings
Permanent Location Date acquired Koha item type Lost status Shelving location Barcode Current Location Full call number
Library Block A2017-08-22សៀវភៅភាសាអង់គ្លេស A045A17378Library Block A630 PER 1996 A045 Co.
មជ្ឈមណ្ឌលឯការនៃសាកលវិទ្យាល័យភូមិន្ទកសិកម្មចំការដូង

Powered by Koha